Lichie gody : (Titelsatznr. 32981)
[ MARC ]
| 000 -Satzkennung | |
|---|---|
| Kontrollfeld mit fester Länge | 00544nam a22002171c 4500 |
| 001 - Kontrollnummer | |
| Kontrollfeld | a987685280 |
| 008 - Feld mit fester Länge zur physischen Beschreibung - Allgemeine Angaben | |
| Kontrollfeld mit fester Länge | 170705s1977 gw |||| 000u rus d |
| 041 ## - Sprachcode | |
| Sprachcode des Textes/der Tonspur oder des separaten Titels | rus |
| 040 ## - Katalogisierungsquelle | |
| Übertragungsstelle | RU-10907106 |
| 003 - Kontrollnummer Identifier | |
| Kontrollfeld | RU-10907106 |
| 100 1# - Haupteintragung - Personenname | |
| Personenname | Levitin-Krasnov, Anatolij E. |
| 245 00 - Titel | |
| Titel | Lichie gody : |
| Zusatz zum Titel | 1925 - 1941 ; vospominansja |
| 264 ## - Produktion, Veröffentlichung, Distribution, Herstellung und Urheberrechtsvermerk | |
| Herstellungs-, Veröffentlichungs- Vertriebs-, Erzeugungsort | Paris : |
| Produzent, Herausgeber, Distributor, Hersteller | Yuca-Pr., |
| Datum der Herstellung, der Veröffentlichung, des Vertriebs oder des Urheberschutzvermerks | 1977 |
| 300 ## - Physische Beschreibung | |
| Umfang | 456 S. |
| 600 #0 - Nebeneintragung unter einem Schlagwort - Personenname | |
| Personenname | Levitin-Krasnov, Anatolij E. |
| 648 #0 - Nebeneintragung unter einem Schlagwort - Zeitschlagwort | |
| Zeitschlagwort | <1925-1941> |
| 650 #0 - Nebeneintragung unter einem Schlagwort - Sachschlagwort | |
| Sachschlagwort oder geografischer Name als Eintragungselement | Ostkirche |
| 650 #0 - Nebeneintragung unter einem Schlagwort - Sachschlagwort | |
| Sachschlagwort oder geografischer Name als Eintragungselement | Verfolgung |
| 651 #0 - Nebeneintragung unter einem Schlagwort - Geografischer Name | |
| Geografischer Name | Sowjetunion |
| 942 ## - Zusätzliche Felder (Koha) | |
| Koha-Medientyp | Monographien |
| Ausgeschieden | Verloren | Klassifikation oder Aufstellungssystematik | Beschädigt | Nicht entleihbar | Heimatbibliothek | Aufenthaltsbibliothek | Erwerbungsdatum | Inventarnummer | Signatur | Barcode | Letzte Aktivität | Preis gültig von | Koha-Medientyp |
|---|---|---|---|---|---|---|---|---|---|---|---|---|---|
| Andere/Generische Klassifikation | MWN Osteuropa | MW Forum Finnland | 05/07/2017 | 17-03284 | R 62 l Kra | E00401507902B35C | 23/02/2021 | 22/03/2021 | Monographien |